Dictionnaire de l'art contemporain

সংরক্ষণ করুন:
গ্রন্থ-পঞ্জীর বিবরন
প্রধান লেখক: Raymond Charmet
বিন্যাস: গ্রন্থ
ভাষা:Undetermined
প্রকাশিত: Paris Larousse 1965
বিষয়গুলি:
ট্যাগগুলো: ট্যাগ যুক্ত করুন
কোনো ট্যাগ নেই, প্রথমজন হিসাবে ট্যাগ করুন!
Thư viện lưu trữ: Trung tâm Học liệu Trường Đại học Cần Thơ
LEADER 00471nam a2200181Ia 4500
001 CTU_26627
008 210402s9999 xx 000 0 und d
082 |a 709.03 
082 |b C182 
100 |a Raymond Charmet 
245 0 |a Dictionnaire de l'art contemporain 
245 0 |c Raymond Charmet 
260 |a Paris 
260 |b Larousse 
260 |c 1965 
650 |a arts - history 
904 |i Minh, 981015 
980 |a Trung tâm Học liệu Trường Đại học Cần Thơ